00886 a2200169 45000010006000000050017000060080041000230030015000640400040000790800032001192450020001510200018001712640034001893000019002235050452002421000022006944655520260407155736.0260407a1991 arg spa dAR-UNSa-BCEJYS aAR-UNSa-BCEJYSbspacAR-UNSa-BCEJYS a512/517xAlgebra/Análisis10aAlgebra Moderna a968-422-917-8 1aMéxico :bMcGraw-Hillc1991 a242 p.c23 cm. a1. Conjuntos – 2. Relaciones y operaciones – 3. Los números naturales – 4. Los enteros – 5. Algunas propiedades de los enteros – 6. Los números racionales – 7. Los números reales – 8. Los números complejos – 9. Grupos – 10. Anillos – 11. Dominio de integridad, cuerpos – 12. Polinomios – 13. Espacios vectoriales – 14. Matrices – 15. Polinomios de matrices – 16. Algebras lineales – 17. Algebras boolianas. 1 aAyres, Frank, Jr.